00347nam a2200157Ia 4500008004100000020001500041041001200056082001100068100001500079245002600094250000800120260002500128300000900153650001100162700001600173221030s9999 xx 000 0 und d a0070634246 aEnglish a105.23 aA. Malvino 0aElectronic Principles a7th bTMHaNew Delhic2006 a1018 aBB ECE aD. J. Bates